| 000 | 00000nam##2200000za#4500 |
| 001 | 9.590634 |
| 003 | CaOODSP |
| 005 | 20211213094337 |
| 007 | cr ||||||||||| |
| 008 | 150406|2015||||xxc|||||o f|0| 0 fre|d |
| 040 | |aCaOODSP|bfre |
| 041 | |aeng |
| 041 | |afre |
| 043 | |an-cn--- |
| 086 | 1 |aXB412-53/1-PDF |
| 110 | 1 |aCanada. |bParlement. |bChambre des communes. |
| 245 | 10|aLoi modifiant le Code criminel et la Loi sur le système correctionnel et la mise en liberté sous condition et apportant des modifications connexes et corrélations à d'autres lois / |h[ressource électronique]|cMinistre de la justice. |
| 246 | 1 |iTitre abrégé : |aLoi sur les peines de prison à vie purgées en entier |
| 260 | |aOttawa - Ontario : |bChambre des communes |cPremière lecture le 11 mars 2015. |
| 300 | |a46p. |
| 490 | 1 |aProjet de loi C-...|vC-53, 2e session, 41e législature |
| 590 | |a15-11|b2015-03-13 |
| 791 | |tAn Act to amend the Criminal Code and the Corrections and Conditional Release Act and to make related and consequential amendments to other Acts / |eeng|w(CaOODSP)9.590633 |
| 830 | #0|aProjet de loi C-...|vC-53, 2e session, 41e législature|w(CaOODSP)9.500660 |
| 856 | 40|ahttp://publications.gc.ca|qPDF|s272 Ko|uhttps://publications.gc.ca/collections/collection_2015/parl/XB412-53-1.pdf|yC-53, 2e session, 41e législature |